| 000 -LEADER |
| fixed length control field |
01455cam a2200445 a 4500 |
| 001 - CONTROL NUMBER |
| control field |
9204660 |
| 005 - DATE AND TIME OF LATEST TRANSACTION |
| control field |
20170105102350.0 |
| 006 - FIXED-LENGTH DATA ELEMENTS--ADDITIONAL MATERIAL CHARACTERISTICS |
| fixed length control field |
m o d |
| 007 - PHYSICAL DESCRIPTION FIXED FIELD--GENERAL INFORMATION |
| fixed length control field |
cr zn| |
| 008 - FIXED-LENGTH DATA ELEMENTS--GENERAL INFORMATION |
| fixed length control field |
110902s2009 caua sf 001 0 eng d |
| 020 ## - INTERNATIONAL STANDARD BOOK NUMBER |
| Canceled/invalid ISBN |
9781430227489 (pbk.) |
| 020 ## - INTERNATIONAL STANDARD BOOK NUMBER |
| Canceled/invalid ISBN |
1430227486 (pbk.) |
| 020 ## - INTERNATIONAL STANDARD BOOK NUMBER |
| International Standard Book Number |
9781430227496 (electronic) |
| 035 ## - SYSTEM CONTROL NUMBER |
| System control number |
(CtWfDGI)bks00033971 |
| 035 ## - SYSTEM CONTROL NUMBER |
| System control number |
(NNC)9204660 |
| 040 ## - CATALOGING SOURCE |
| Original cataloging agency |
CtWfDGI |
| Language of cataloging |
eng |
| Transcribing agency |
CtWfDGI |
| 050 14 - LIBRARY OF CONGRESS CALL NUMBER |
| Classification number |
TJ211 |
| Item number |
.C654 2009eb |
| 082 04 - DEWEY DECIMAL CLASSIFICATION NUMBER |
| Classification number |
629.892 |
| Edition number |
22 |
| 100 1# - MAIN ENTRY--PERSONAL NAME |
| Personal name |
Cook, David |
| Fuller form of name |
(David Alan) |
| 245 10 - TITLE STATEMENT |
| Title |
Robot building for beginners |
| Statement of responsibility, etc. |
David Cook |
| 250 ## - EDITION STATEMENT |
| Edition statement |
2nd ed. |
| 256 ## - COMPUTER FILE CHARACTERISTICS |
| Computer file characteristics |
Computer document. |
| 260 ## - PUBLICATION, DISTRIBUTION, ETC. |
| Place of publication, distribution, etc. |
Berkeley, Calif. : |
| Name of publisher, distributor, etc. |
Apress, |
| Date of publication, distribution, etc. |
c2009 |
| Place of manufacture |
(Norwood, Mass. : |
| Manufacturer |
Books24x7.com [generator]) |
| 300 ## - PHYSICAL DESCRIPTION |
| Extent |
xxxiv, 453 p. |
| Other physical details |
ill:, |
| Dimensions |
25 cm. |
| 500 ## - GENERAL NOTE |
| General note |
Title from title screen. |
| 500 ## - GENERAL NOTE |
| General note |
Includes index. |
| 516 ## - TYPE OF COMPUTER FILE OR DATA NOTE |
| Type of computer file or data note |
Text. |
| 530 ## - ADDITIONAL PHYSICAL FORM AVAILABLE NOTE |
| Additional physical form available note |
Available also in a print ed. |
| 538 ## - SYSTEM DETAILS NOTE |
| System details note |
Mode of access: Internet via World Wide Web. |
| 550 ## - ISSUING BODY NOTE |
| Issuing body note |
Digitized and made available by: Books24x7.com. |
| 650 #0 - SUBJECT ADDED ENTRY--TOPICAL TERM |
| Topical term or geographic name entry element |
Robots |
| General subdivision |
Design and construction |
| Form subdivision |
Amateurs' manuals. |
| 650 #0 - SUBJECT ADDED ENTRY--TOPICAL TERM |
| Topical term or geographic name entry element |
Robotics |
| Form subdivision |
Amateurs' manuals. |
| 655 #7 - INDEX TERM--GENRE/FORM |
| Genre/form data or focus term |
Electronic books. |
| Source of term |
lcsh |
| 655 #0 - INDEX TERM--GENRE/FORM |
| Genre/form data or focus term |
Electronic books. |
| 700 1# - ADDED ENTRY--PERSONAL NAME |
| Personal name |
Preston, Scott. |
| Relator code |
rev |
| 710 2# - ADDED ENTRY--CORPORATE NAME |
| Corporate name or jurisdiction name as entry element |
Books24x7, Inc. |
| 856 40 - ELECTRONIC LOCATION AND ACCESS |
| Uniform Resource Identifier |
<a href="http://www.columbia.edu/cgi-bin/cul/resolve?clio9204660">http://www.columbia.edu/cgi-bin/cul/resolve?clio9204660</a> |
| Public note |
Click here for full text. |
| 942 ## - ADDED ENTRY ELEMENTS (KOHA) |
| Source of classification or shelving scheme |
|
| Koha item type |
Book |